| 000 | 00493nam a2200205Ia 4500 | ||
|---|---|---|---|
| 005 | 20240823014055.0 | ||
| 008 | 240823s9999||||xx |||||||||||||| ||und|| | ||
| 020 | _a81-297-0408-0 | ||
| 041 | _aENGLISH | ||
| 082 | _A004.678 P4 | ||
| 100 | _aDeitel and Deitel | ||
| 245 | 0 | _aInternet World Wide Web | |
| 250 | _a3rd | ||
| 260 |
_c2004 _b"Pearson,New " |
||
| 500 | _aTRANSFERED | ||
| 650 |
_aInternet _bInformation Technology |
||
| 700 | _a Goldberg | ||
| 942 | _cBK | ||
| 999 |
_c169039 _d169039 |
||